[Event "EU-ch (Women) 24th"]
[Site "Rhodes"]
[Date "2024.04.26"]
[Round "7"]
[White "Dwilewicz, Katarzyna"]
[Black "Grapsa, Georgia"]
[Result "1/2-1/2"]
[WhiteElo "2130"]
[BlackElo "1920"]
[PlyCount "46"]
[EventDate "2024.04.19"]
[EventType "swiss"]
[EventRounds "10"]
[EventCountry "GRE"]
[SourceTitle "CB18_2024"]
[SourceDate "2024.05.01"]
[SourceVersion "1"]
[SourceVersionDate "2024.05.01"]
[SourceQuality "2"]

1. e4 c5 2. Nf3 d6 3. d4 cxd4 4. Nxd4 Nf6 5. Nc3 a6 6. a4 e5 7. Nf3 h6 8. g3 Be6 9. Bg2 Nc6 10. 0-0 Nb4 11. b3 Qc7 12. Bb2 Be7 13. Qd2 0-0 14. Nh4 Rfd8 15. Nd5 Nbxd5 16. exd5 Bg4 17. h3 Bd7 18. a5 b5 19. axb6 Qxb6 20. Bc3 Rdc8 21. Ba5 Qc5 22. c3 e4 23. Bb4 Qb6 1/2-1/2

[Event "EU-ch (Women) 24th"]
[Site "Rhodes"]
[Date "2024.04.20"]
[Round "2"]
[White "Karaivanova, Petya F"]
[Black "Dwilewicz, Katarzyna"]
[Result "1-0"]
[WhiteElo "1909"]
[BlackElo "2130"]
[PlyCount "129"]
[EventDate "2024.04.19"]
[EventType "swiss"]
[EventRounds "10"]
[EventCountry "GRE"]
[SourceTitle "CB18_2024"]
[SourceDate "2024.05.01"]
[SourceVersion "1"]
[SourceVersionDate "2024.05.01"]
[SourceQuality "2"]

1. e4 e5 2. Nf3 Nc6 3. Bc4 Nf6 4. d3 Be7 5. c3 0-0 6. 0-0 d5 7. exd5 Nxd5 8. Re1 Bg4 9. Nbd2 Nb6 10. Bb5 f6 11. Qb3+ Kh8 12. Bxc6 bxc6 13. d4 Nd7 14. h3 Bf5 15. Nh4 Rb8 16. Qc4 Nb6 17. Qe2 Qd7 18. Ndf3 Bd6 19. dxe5 fxe5 20. Ng5 Nd5 21. Nxf5 Qxf5 22. Ne4 Rbe8 23. Qc4 Qd7 24. Be3 a5 25. Rad1 Re6 26. Qd3 Rg6 27. Kh2 Qf7 28. c4 Nb4 29. Qe2 Nxa2 30. Ra1 Nb4 31. Rxa5 h6 32. Ra7 Qf5 33. f3 c5 34. Bxc5 Nc6 35. Ra2 Bxc5 36. Nxc5 Qf4+ 37. Kh1 Rd8 38. b3 Nb4 39. Rb2 Nc6 40. Nd3 Qg3 41. Nxe5 Nxe5 42. Qxe5 c5 43. Qxg3 Rxg3 44. Re5 Rc8 45. Rd2 Rg6 46. f4 Rb6 47. Rd3 Rcb8 48. Rxc5 Rxb3 49. Rxb3 Rxb3 50. Kh2 Kg8 51. Rc7 g6 52. h4 Rc3 53. h5 gxh5 54. c5 h4 55. c6 Kf8 56. f5 Ke8 57. f6 h3 58. Re7+ Kf8 59. c7 hxg2 60. Kxg2 Rc2+ 61. Kg3 Rc3+ 62. Kg4 Rc4+ 63. Kf5 Rc5+ 64. Kg6 h5 65. Rd7 1-0

[Event "Titled Tuesday intern op 02nd Apr Early"]
[Site "Chess.com INT"]
[Date "2024.04.02"]
[Round "7"]
[White "Dwilewicz, Katarzyna"]
[Black "Schut, Han"]
[Result "1-0"]
[WhiteElo "2130"]
[BlackElo "2091"]
[PlyCount "71"]
[EventDate "2024.04.02"]
[EventType "swiss (blitz)"]
[EventRounds "11"]
[EventCountry "USA"]
[SourceTitle "CB15_2024"]
[SourceDate "2024.04.10"]
[SourceVersion "1"]
[SourceVersionDate "2024.04.10"]
[SourceQuality "1"]

1. e4 c5 2. Nf3 d6 3. d4 cxd4 4. Nxd4 Nf6 5. Nc3 a6 6. Be3 e5 7. Nb3 Be6 8. Qd2 Be7 9. f3 Nbd7 10. 0-0-0 0-0 11. g4 b5 12. g5 b4 13. gxf6 bxc3 14. Qxc3 Nxf6 15. Qa5 Bxb3 16. Qxd8 Rfxd8 17. axb3 d5 18. exd5 Nxd5 19. Bd2 a5 20. Bd3 Nb4 21. Bc4 Kf8 22. Rhe1 Bf6 23. Kb1 h6 24. Bc3 Rxd1+ 25. Rxd1 g5 26. Rd7 Be7 27. Bxe5 Nc6 28. Bc3 a4 29. bxa4 f6 30. b3 h5 31. Be6 Nd8 32. Bf5 Nf7 33. Bg6 g4 34. Bxh5 gxf3 35. Bxf3 Ng5 36. Bxa8 1-0

[Event "Titled Tuesday intern op 02nd Apr Late"]
[Site "Chess.com INT"]
[Date "2024.04.02"]
[Round "6"]
[White "Dwilewicz, Katarzyna"]
[Black "Yagupov, Igor"]
[Result "0-1"]
[WhiteElo "2130"]
[BlackElo "2275"]
[PlyCount "106"]
[EventDate "2024.04.02"]
[EventType "swiss (blitz)"]
[EventRounds "11"]
[EventCountry "USA"]
[SourceTitle "CB15_2024"]
[SourceDate "2024.04.10"]
[SourceVersion "1"]
[SourceVersionDate "2024.04.10"]
[SourceQuality "1"]

1. e4 e5 2. Nf3 Nc6 3. d4 exd4 4. Nxd4 Nf6 5. Nxc6 bxc6 6. e5 Qe7 7. Qe2 Nd5 8. c4 Ba6 9. b3 g6 10. g3 Bg7 11. Bb2 0-0 12. Bg2 Rae8 13. 0-0 Bxe5 14. Bxe5 Qxe5 15. Qxe5 Rxe5 16. cxd5 Bxf1 17. Kxf1 cxd5 18. Nc3 c6 19. Rd1 Rfe8 20. Bf3 Rf5 21. Kg2 Rfe5 22. Rd4 Re1 23. Ra4 Rc1 24. Ne2 Rc2 25. Nf4 Ra8 26. Ra6 Kf8 27. h4 Ke7 28. Nd3 Kd6 29. g4 Rd2 30. Nf4 Kc5 31. Kg3 Kb5 32. Ra4 a5 33. Be2+ Kb6 34. b4 Ra7 35. Kf3 axb4 36. Rxb4+ Kc5 37. Rb8 Ra3+ 38. Nd3+ Rdxd3+ 39. Bxd3 Rxd3+ 40. Kf4 Rd2 41. f3 d4 42. Rf8 Rxa2 43. Rxf7 d5 44. Rxh7 d3 45. Ke3 Kc4 46. Rb7 Re2+ 47. Kf4 Re1 48. Rb2 Kc3 49. Rh2 d2 50. Rxd2 Kxd2 51. h5 gxh5 52. gxh5 Rh1 53. Kg5 Ke3 0-1

[Event "Titled Tuesday intern op 02nd Apr Early"]
[Site "Chess.com INT"]
[Date "2024.04.02"]
[Round "5"]
[White "Skotheim, Andreas"]
[Black "Dwilewicz, Katarzyna"]
[Result "1/2-1/2"]
[WhiteElo "2214"]
[BlackElo "2130"]
[PlyCount "84"]
[EventDate "2024.04.02"]
[EventType "swiss (blitz)"]
[EventRounds "11"]
[EventCountry "USA"]
[SourceTitle "CB15_2024"]
[SourceDate "2024.04.10"]
[SourceVersion "1"]
[SourceVersionDate "2024.04.10"]
[SourceQuality "1"]

1. c4 c5 2. Nf3 Nc6 3. Nc3 e5 4. g3 g6 5. Bg2 Bg7 6. 0-0 Nge7 7. Ne1 0-0 8. Nc2 f5 9. Ne3 d6 10. d3 Nd4 11. Ned5 Nxd5 12. Nxd5 Be6 13. Bd2 Qd7 14. e3 Nc6 15. a3 Rab8 16. Rb1 b5 17. b4 bxc4 18. dxc4 e4 19. b5 Ne5 20. Qc2 Bxd5 21. cxd5 Rxb5 22. Bc3 Rfb8 23. Bxe5 Bxe5 24. f3 Rb2 25. Rxb2 Rxb2 26. Qc4 exf3 27. Bxf3 Qb5 28. Qh4 Qd7 29. e4 Kg7 30. exf5 Bd4+ 31. Kh1 Qxf5 32. Bg2 Bf6 33. Qa4 Qc2 34. Qd7+ Kh6 35. Qh3+ Kg7 36. Qd7+ Kh6 37. Qh3+ Kg7 38. a4 Rb1 39. Qd7+ Kh6 40. Qh3+ Kg7 41. Qd7+ Kh6 42. Qh3+ Kg7 1/2-1/2

[Event "Titled Tuesday intern op 02nd Apr Late"]
[Site "Chess.com INT"]
[Date "2024.04.02"]
[Round "2"]
[White "Uddin, Mubassar"]
[Black "Dwilewicz, Katarzyna"]
[Result "0-1"]
[WhiteElo "2016"]
[BlackElo "2130"]
[PlyCount "47"]
[EventDate "2024.04.02"]
[EventType "swiss (blitz)"]
[EventRounds "11"]
[EventCountry "USA"]
[SourceTitle "CB15_2024"]
[SourceDate "2024.04.10"]
[SourceVersion "1"]
[SourceVersionDate "2024.04.10"]
[SourceQuality "1"]

1. d4 d5 2. c4 e6 3. Nc3 Bb4 4. cxd5 exd5 5. Bf4 c6 6. e3 Nf6 7. Bd3 Nbd7 8. Nf3 Nf8 9. h3 Ng6 10. Bh2 0-0 11. a3 Bd6 12. Ne5 Re8 13. f4 c5 14. Qf3 Qb6 15. 0-0-0 cxd4 16. exd4 Bd7 17. g4 Rac8 18. g5 Bxa3 19. bxa3 Rxc3+ 20. Kd2 Ne4+ 21. Bxe4 Rxf3 22. Bxf3 Qxd4+ 23. Nd3 Qe3+ 24. Kc3 0-1

[Event "Titled Tuesday intern op 12th Mar Late"]
[Site "Chess.com INT"]
[Date "2024.03.12"]
[Round "3"]
[White "Dwilewicz, Katarzyna"]
[Black "Skatchkov, Valery"]
[Result "0-1"]
[WhiteElo "2117"]
[BlackElo "2200"]
[PlyCount "94"]
[EventDate "2024.03.12"]
[EventType "swiss (blitz)"]
[EventRounds "11"]
[EventCountry "USA"]
[SourceTitle "CB12_2024"]
[SourceDate "2023.10.01"]
[SourceVersion "1"]
[SourceVersionDate "2023.10.01"]
[SourceQuality "1"]

1. e4 e5 2. Nf3 d5 3. Nxe5 Bd6 4. d4 dxe4 5. Nc4 Nc6 6. Nc3 Bb4 7. Be3 Nge7 8. a3 Bxc3+ 9. bxc3 Nd5 10. Qd2 0-0 11. Be2 Be6 12. 0-0 f5 13. Bg5 Qe8 14. Ne3 Nde7 15. d5 Rd8 16. c4 f4 17. Qc3 Qg6 18. Bxe7 Nxe7 19. dxe6 f3 20. Bd1 Nf5 21. g3 Qxe6 22. Kh1 Nxe3 23. Qxe3 Qh3 24. Rg1 Rd6 25. Bxf3 exf3 26. g4 Qh4 27. Rg3 Qf6 28. Re1 Rd4 29. h3 Rxc4 30. Qb3 Qf7 31. Kh2 b6 32. Rxf3 Qxf3 33. Qxc4+ Kh8 34. Qe2 Qxa3 35. Qe3 Qxe3 36. fxe3 Rf2+ 37. Kg3 Rxc2 38. Rd1 Kg8 39. Rd7 a5 40. Kf4 a4 41. Kf5 a3 42. Ke6 h6 43. Rd8+ Kh7 44. Ra8 a2 45. h4 b5 46. g5 hxg5 47. hxg5 Kg6 0-1

[Event "Titled Tuesday intern op 13th Feb Late"]
[Site "Chess.com INT"]
[Date "2024.02.13"]
[Round "3"]
[White "Le Ruyet, Leopold"]
[Black "Dwilewicz, Katarzyna"]
[Result "1-0"]
[WhiteElo "2229"]
[BlackElo "2113"]
[PlyCount "67"]
[EventDate "2024.02.13"]
[EventType "swiss (blitz)"]
[EventRounds "11"]
[EventCountry "USA"]
[SourceTitle "CB08_2024"]
[SourceDate "2024.02.21"]
[SourceVersion "1"]
[SourceVersionDate "2024.02.21"]
[SourceQuality "1"]

1. e4 c5 2. Nf3 Nc6 3. c3 d5 4. exd5 Qxd5 5. Na3 Nf6 6. Bc4 Qe4+ 7. Be2 Qg6 8. Nb5 Nd5 9. c4 Nf4 10. g3 Ng2+ 11. Kf1 Bh3 12. Kg1 0-0-0 13. d3 h6 14. Bf1 e5 15. Bxg2 Bxg2 16. Kxg2 Rxd3 17. Qe2 e4 18. Nd2 f5 19. Nf1 Be7 20. Nc3 Nd4 21. Qe1 Nc2 22. Qe2 Nxa1 23. Be3 Qe6 24. Nd5 g5 25. Nd2 Nc2 26. Nb3 Nxe3+ 27. fxe3 f4 28. exf4 gxf4 29. Nxf4 Qxc4 30. Rc1 Qb4 31. Nxd3 exd3 32. Qxe7 Kb8 33. Qe5+ Kc8 34. Rxc5+ 1-0

[Event "Titled Tuesday intern op 06th Feb Early"]
[Site "Chess.com INT"]
[Date "2024.02.06"]
[Round "9"]
[White "Ardila, Oscar Humberto"]
[Black "Dwilewicz, Katarzyna"]
[Result "0-1"]
[WhiteElo "1952"]
[BlackElo "2113"]
[PlyCount "90"]
[EventDate "2024.02.06"]
[EventType "swiss (blitz)"]
[EventRounds "11"]
[EventCountry "USA"]
[SourceTitle "CB07_2024"]
[SourceDate "2024.02.14"]
[SourceVersion "1"]
[SourceVersionDate "2024.02.14"]
[SourceQuality "1"]

1. d4 d5 2. c4 dxc4 3. Qa4+ Nc6 4. Nf3 Bd7 5. Qxc4 Nf6 6. Nc3 e6 7. Bg5 Be7 8. e3 0-0 9. Be2 h6 10. Bh4 Na5 11. Qd3 c5 12. 0-0 Rc8 13. Rfd1 c4 14. Qc2 b5 15. Ne5 b4 16. Ne4 Nd5 17. Nxd7 Qxd7 18. Bxe7 Qxe7 19. Qa4 Nb7 20. Rac1 f5 21. Nc5 Nxc5 22. dxc5 c3 23. Bc4 cxb2 24. Rb1 Nc3 25. Qb3 Rxc5 26. Bxe6+ Kh8 27. Rd7 Nxb1 28. Qxb2 Qf6 29. Qxb1 Qxe6 30. Rd4 Rfc8 31. Rd1 Qc6 32. h3 Rc1 33. Qb3 Rxd1+ 34. Qxd1 Qc1 35. Qf1 Qxf1+ 36. Kxf1 Rc2 37. g3 Rxa2 38. Kg2 b3 39. Kf3 b2 40. Kf4 b1Q 41. g4 a5 42. h4 Qe4+ 43. Kg3 Qxg4+ 44. Kh2 a4 45. h5 a3 0-1

[Event "Titled Tuesday intern op 06th Feb Early"]
[Site "Chess.com INT"]
[Date "2024.02.06"]
[Round "6"]
[White "Dwilewicz, Katarzyna"]
[Black "Quirke, Jeffrey"]
[Result "1-0"]
[WhiteElo "2113"]
[BlackElo "1986"]
[PlyCount "89"]
[EventDate "2024.02.06"]
[EventType "swiss (blitz)"]
[EventRounds "11"]
[EventCountry "USA"]
[SourceTitle "CB07_2024"]
[SourceDate "2024.02.14"]
[SourceVersion "1"]
[SourceVersionDate "2024.02.14"]
[SourceQuality "1"]

1. e4 d6 2. d4 Nf6 3. Nc3 e5 4. dxe5 dxe5 5. Qxd8+ Kxd8 6. Bc4 Be6 7. Bxe6 fxe6 8. a3 Bd6 9. f3 Nc6 10. Be3 Ke7 11. Nge2 a6 12. 0-0-0 Rhb8 13. Na4 Nd7 14. Bg5+ Kf7 15. Rhf1 b5 16. Nac3 h6 17. f4 hxg5 18. fxe5+ Ke7 19. exd6+ cxd6 20. Rf3 Nde5 21. Rg3 g4 22. h3 a5 23. hxg4 b4 24. Nb1 Rh8 25. g5 Rh4 26. Nd2 bxa3 27. Rxa3 Rf8 28. Rb3 Rf2 29. Rb7+ Kf8 30. g3 Rhh2 31. Nf4 Nd4 32. c3 Ne2+ 33. Nxe2 Rxe2 34. Rf1+ Kg8 35. Nf3 Nxf3 36. g6 Rc2+ 37. Kb1 Nd2+ 38. Kxc2 Nxf1+ 39. Kd3 Kf8 40. Rf7+ Ke8 41. Rxf1 Rxb2 42. Rf7 a4 43. Rxg7 a3 44. Ra7 a2 45. g7 1-0

[Event "Titled Tuesday intern op 23rd Jan Late"]
[Site "Chess.com INT"]
[Date "2024.01.23"]
[Round "3"]
[White "Bazzano, Sebastian"]
[Black "Dwilewicz, Katarzyna"]
[Result "1/2-1/2"]
[WhiteElo "2288"]
[BlackElo "2129"]
[PlyCount "99"]
[EventDate "2024.01.23"]
[EventType "swiss (blitz)"]
[EventRounds "11"]
[EventCountry "USA"]
[SourceTitle "CB05_2024"]
[SourceDate "2024.01.31"]
[SourceVersion "1"]
[SourceVersionDate "2024.01.31"]
[SourceQuality "1"]

1. d4 Nf6 2. Bf4 g6 3. Nc3 d5 4. e3 c6 5. h4 Bg7 6. Nf3 h5 7. Ne5 Nbd7 8. Be2 Nxe5 9. Bxe5 b5 10. Bf3 a5 11. a3 Bf5 12. 0-0 0-0 13. Re1 Ng4 14. Bxg7 Kxg7 15. e4 dxe4 16. Nxe4 e5 17. dxe5 Nxe5 18. Qxd8 Nxf3+ 19. gxf3 Raxd8 20. Rad1 Rfe8 21. Rxd8 Rxd8 22. Re2 Be6 23. Rd2 Rxd2 24. Nxd2 Bd5 25. Kh2 Kf6 26. Kg3 Ke5 27. c3 c5 28. f4+ Ke6 29. f3 f6 30. Kf2 Kf5 31. Kg3 g5 32. fxg5 fxg5 33. hxg5 Kxg5 34. b4 h4+ 35. Kh3 Be6+ 36. Kg2 axb4 37. axb4 cxb4 38. cxb4 Kf4 39. Ne4 Bd5 40. Nd6 Bxf3+ 41. Kh3 Kg5 42. Nxb5 Bg4+ 43. Kh2 Bd7 44. Nd4 Kf4 45. b5 Ke5 46. Nc6+ Kd6 47. Nd4 Kc5 48. Nf3 h3 49. Ng1 Kxb5 50. Nxh3 1/2-1/2

[Event "Titled Tuesday intern op 23rd Jan Late"]
[Site "Chess.com INT"]
[Date "2024.01.23"]
[Round "6"]
[White "Dwilewicz, Katarzyna"]
[Black "Novik, Maxim"]
[Result "0-1"]
[WhiteElo "2129"]
[BlackElo "2399"]
[PlyCount "132"]
[EventDate "2024.01.23"]
[EventType "swiss (blitz)"]
[EventRounds "11"]
[EventCountry "USA"]
[SourceTitle "CB05_2024"]
[SourceDate "2024.01.31"]
[SourceVersion "1"]
[SourceVersionDate "2024.01.31"]
[SourceQuality "1"]

1. e4 c6 2. d4 d5 3. exd5 cxd5 4. Bd3 Nf6 5. c3 Nc6 6. Bf4 Bg4 7. Qb3 Qd7 8. Nd2 e6 9. Ngf3 Bd6 10. Bxd6 Qxd6 11. 0-0 0-0 12. Rae1 Qc7 13. h3 Bxf3 14. Nxf3 g6 15. Ne5 Nxe5 16. Rxe5 Nd7 17. Re3 Rae8 18. Rfe1 Re7 19. h4 Nf6 20. Qd1 Qf4 21. g3 Qc7 22. Kg2 Kg7 23. Re5 Nd7 24. R5e3 Rfe8 25. h5 Nf6 26. hxg6 hxg6 27. Qf3 Rh8 28. Rh1 Rxh1 29. Kxh1 Qd8 30. Kg2 Qh8 31. Re1 Qh5 32. Qxh5 Nxh5 33. b3 Nf6 34. c4 dxc4 35. Bxc4 Rd7 36. Rd1 a6 37. a4 e5 38. d5 Ne8 39. Re1 Re7 40. f4 e4 41. g4 Nd6 42. Kf2 Rc7 43. Bf1 Rc3 44. Re3 Rc2+ 45. Re2 Rc1 46. Re1 Rxe1 47. Kxe1 Kf6 48. Kd2 Ke7 49. g5 Nf5 50. Bh3 Kd6 51. Kc3 Kxd5 52. Bf1 Nd6 53. Be2 a5 54. Bf1 Kc5 55. Be2 b5 56. axb5 Nxb5+ 57. Kd2 Nd4 58. Bc4 Ne6 59. Ke3 Kb4 60. Bd5 Nc5 61. Bc4 Nxb3 62. Bd5 a4 63. Bxf7 a3 64. Bxb3 Kxb3 65. f5 a2 66. fxg6 a1Q 0-1

[Event "Titled Tuesday intern op 16th Jan Early"]
[Site "Chess.com INT"]
[Date "2024.01.16"]
[Round "10"]
[White "Dwilewicz, Katarzyna"]
[Black "George Micheal, Kevin"]
[Result "0-1"]
[WhiteElo "2129"]
[BlackElo "2261"]
[PlyCount "90"]
[EventDate "2024.01.16"]
[EventType "swiss (blitz)"]
[EventRounds "11"]
[EventCountry "USA"]
[SourceTitle "CB04_2024"]
[SourceDate "2023.10.16"]
[SourceVersion "1"]
[SourceVersionDate "2023.10.16"]
[SourceQuality "1"]

1. e4 e5 2. Nf3 Nc6 3. Nc3 Nf6 4. Bb5 Nd4 5. Bc4 Bb4 6. h3 d6 7. 0-0 0-0 8. Re1 Be6 9. Bf1 Nxf3+ 10. Qxf3 Nd7 11. Nd5 Bxd5 12. exd5 Bc5 13. Bd3 g6 14. g4 Qf6 15. Qxf6 Nxf6 16. c4 Rae8 17. Kg2 Kg7 18. a3 a5 19. b3 Bd4 20. Rb1 Nd7 21. b4 axb4 22. axb4 f5 23. Bb2 Bxb2 24. Rxb2 fxg4 25. hxg4 Rf4 26. f3 Ref8 27. Re3 Nf6 28. Ra2 h5 29. gxh5 Nxh5 30. Ra7 Rb8 31. Re4 Rf7 32. Bc2 Nf4+ 33. Kg1 b6 34. Re1 Rh8 35. Be4 Kf6 36. Kf2 Rh2+ 37. Ke3 Ng2+ 38. Kd3 Nxe1+ 39. Kc3 Nxf3 40. c5 Nxd2 41. Bc2 Nf3 42. c6 Nd4 43. Bd3 Rh3 44. Kd2 Nb3+ 45. Ke2 Nc1+ 0-1